000 00813nam a2200265Ia 4500
001 Para_8291
003 CHAP
008 220125s9999 xx 000 0 und d
010 _a205776
040 _cCHAP
082 _aPA-C 595.752 A6
100 _aBaker, Arthur C.
_9166681
245 _aA review of the Pterocommini (Aphididae Hom.) /
_c by Arthur C. Baker
300 _a10 p.
440 _aAphidae; 9
_9171887
500 _aSobretiro de: The Canadian entomologist 48 (8): 280-289, 1916. Encuadernado con otros impresos similares
650 _a
_x Afididos
_x Colecciones de escritos
_x Pterocommini
_9171891
901 _aPA-C 595.752 A6
902 _aA
905 _a000000 0000000000 00
910 _a
942 _cPARA
942 _cPARA
_d1
999 _c205776
_d205776